Podivuhodná setkání : postní zamyšlení nad Biblí /

Main Author: Rohr, Richard, 1943-
Other Authors: Lukáš, Ivo, 1963-
Language: Czech
Published: Brno : Lukáš a syn, 2024
Edition: Vydání první
Subjects:
Physical Description: 112 stran ; 21 cm
Book
Saved in:
LEADER 02887cam a2200817 i 4500
001 nkc20243592175
003 CZ PrNK
005 20250320145004.0
007 ta
008 240219s2024 xr e 000 0 cze d
015 |a cnb003592175 
020 |a 978-80-7364-165-8  |q (brožováno) 
035 |a (OCoLC)1514348500 
040 |a KLG001  |b cze  |d OLA001  |e rda 
041 1 |a cze  |h eng 
072 7 |a 27-5  |x Liturgie. Křesťanské umění a symbolika. Duchovní život  |2 Konspekt  |9 5 
080 |a 27-184  |2 MRF 
080 |a 27-565.4  |2 MRF 
080 |a 27-282  |2 MRF 
080 |a 2-474-256-277  |2 MRF 
080 |a 27-583  |2 MRF 
080 |a 27-582/-587  |2 MRF 
080 |a 13  |2 MRF 
080 |a 27-184.3  |2 MRF 
080 |a 27-4  |2 MRF 
080 |a 2-231  |2 MRF 
080 |a (0:82-4)  |2 MRF 
080 |a (0:82-84)  |2 MRF 
100 1 |a Rohr, Richard,  |d 1943-  |7 xx0004128  |4 aut 
240 1 0 |a Wondrous encounters.  |l Česky 
245 1 0 |a Podivuhodná setkání :  |b postní zamyšlení nad Biblí /  |c Richard Rohr ; přeložil Ivo Lukáš 
250 |a Vydání první 
264 1 |a Brno :  |b Lukáš a syn,  |c 2024 
300 |a 112 stran ;  |c 21 cm 
336 |a text  |b txt  |2 rdacontent 
337 |a bez média  |b n  |2 rdamedia 
338 |a svazek  |b nc  |2 rdacarrier 
500 |a Přeloženo z angličtiny 
504 |a Obsahuje bibliografické odkazy 
650 0 7 |a Bůh a člověk  |7 ph116953  |2 czenas 
650 0 7 |a postní doba  |7 ph138499  |2 czenas 
650 0 7 |a liturgické texty  |7 ph115163  |2 czenas 
650 0 7 |a biblická interpretace  |7 ph118847  |2 czenas 
650 0 7 |a kontemplace  |7 ph121815  |2 czenas 
650 0 7 |a kontemplativní modlitba  |7 ph121816  |2 czenas 
650 0 7 |a sebepoznání  |7 ph116116  |x duchovní aspekty  |2 czenas 
650 0 7 |a křesťanská víra  |7 ph122113  |2 czenas 
650 0 7 |a křesťanský život  |7 ph122132  |2 czenas 
650 0 7 |a biblické citáty  |7 ph118853  |2 czenas 
650 0 9 |a relations between God and man  |2 eczenas 
650 0 9 |a Lent  |2 eczenas 
650 0 9 |a liturgical texts  |2 eczenas 
650 0 9 |a Biblical interpretation  |2 eczenas 
650 0 9 |a contemplation  |2 eczenas 
650 0 9 |a contemplative prayer  |2 eczenas 
650 0 9 |a self-consciousness  |x spiritual aspects  |2 eczenas 
650 0 9 |a Christian faith  |2 eczenas 
650 0 9 |a Christian life  |2 eczenas 
650 0 9 |a Biblical quotations  |2 eczenas 
653 0 |a denní četba 
655 7 |a úvahy  |7 fd134000  |2 czenas 
655 7 |a citáty  |7 fd131832  |2 czenas 
655 9 |a essays  |2 eczenas 
655 9 |a quotations  |2 eczenas 
700 1 |a Lukáš, Ivo,  |d 1963-  |7 jn20010309482  |4 trl 
910 2 |a BOA001  |b 2-1529.316 
920 |a 1607393  |z KLG001 
990 |a BK 
995 |a 01 
996 6 |b 2610977836  |c 2-1529.316  |l MZK  |r Sklad / do 1 hodiny  |n 1  |p p.v.  |w 001974818  |u 000010  |a 1  |e BOA001  |j MZK50  |s P 
996 7 |b 2610977837  |c 2-1529.316  |l MZK  |r Sklad / do 1 hodiny  |n 1  |p p.v.  |w 001974818  |u 000020  |a 1  |e BOA001  |j MZK50  |s A